Deterioro de los bosques de Canadá por contaminación del aire /

El trabajo que a continuación se presenta tiene por objetivo entregar antecedentes sobre el problemas de deterioro forestal por acción de contaminantes originados en zonas urbanas. Hace énfasis en la situación canadiense, analizando en forma especial el proyecto sobre Química de las Neblinas en Elev...

Descripción completa

Detalles Bibliográficos
Autor principal: Cereceda, Pilar
Otros Autores: Schemenauer, Robert S.
Formato: Analitica de revista
Lenguaje:español
Publicado: Santiago, Chile Pontificia Universidad Católica de Chile 1987

MARC

LEADER 00000cab a2200000 a 4500
001 040599
003 UAHC_CL
005 20170803124456.0
008 051006b xx j 000 1 spa
040 |a UAHC_CL  |c UAHC_CL  |d UAHC_CL 
100 1 |a Cereceda, Pilar 
245 1 0 |a Deterioro de los bosques de Canadá por contaminación del aire /  |c Pilar Cereceda Troncoso, Robert S. Schemenauer. 
260 |b Pontificia Universidad Católica de Chile  |c 1987  |a Santiago, Chile 
300 |a pp. 15-19 
500 |a En: Revista de geografía norte grande, n˚14, 1987. pp. 15-19. ISSN 0379-8682 
500 |a En: Revista de geografía norte grande, n°14, 1987. pp. 15-19. ISSN 0379-8682 
500 |a En: Revista de geografÌa norte grande, nç14, 1987. pp. 15-19. ISSN 0379-8682 
520 |a El trabajo que a continuación se presenta tiene por objetivo entregar antecedentes sobre el problemas de deterioro forestal por acción de contaminantes originados en zonas urbanas. Hace énfasis en la situación canadiense, analizando en forma especial el proyecto sobre Química de las Neblinas en Elevaciones Mayores, donde se ha estado midiendo una serie de parámetros meteorológicos, y en forma especial las neblinas ácidas y el ozono. 
520 |a El trabajo que a continuación se presenta tiene por objetivo entregar antecedentes sobre el problemas de deterioro forestal por acción de contaminantes originados en zonas urbanas. Hace énfasis en la situación canadiense, analizando en forma especial el proyecto sobre Química de las Neblinas en Elevaciones Mayores, donde se ha estado midiendo una serie de parámetros meteorológicos, y en forma especial las neblinas ácidas y el ozono. 
700 1 |a Schemenauer, Robert S. 
759 |a PP115 
773 0 |t Revista de geografía norte grande  |w 040513 
900 |a REV. GEOGR. NORTE GD.-14/87 
942 |c REVA 
952 |0 0  |1 0  |4 0  |6 REV___GEOGR__NORTE_GD_14_87_000000000000000  |7 0  |8 General  |9 76364  |a BC  |b BC  |c General  |d 2017-08-03  |l 0  |o REV. GEOGR. NORTE GD.-14/87  |p FICTICIO6106  |r 2019-01-08 00:00:00  |t 1  |w 2017-08-03  |y REVA 
999 |c 40599  |d 40599